Religion Quiz

Random Religion or Country Quiz
Score 0/40 Timer 05:00
0 Plays Today
First Visit Country % Correct
Oct 1979United States
97.3%
October 1978Italy
97.2%
May 1980France
92.6%
November 1980Germany
91.9%
June 1982Spain
91.5%
June 1980Brazil
91.3%
January 1979Mexico
91%
September 1984Canada
88.9%
June 1979Poland
88.3%
June 1982Argentina
87.6%
May 1982Portugal
84.1%
November 1986Australia
77.2%
September 1983Austria
74.7%
June 1982Switzerland
72.1%
January 1985Peru
68.8%
May 1985Belgium
67.2%
January 1986India
65.9%
May 1995Czechia
61.2%
February 1985Venezuela
61.2%
August 1991Hungary
59.8%
First Visit Country % Correct
June 1995Slovakia
56.2%
March 1987Uruguay
52.4%
May 1996Slovenia
50.7%
February 1981Philippines
48.3%
September 1994Croatia
48.2%
March 1983Guatemala
44.8%
February 1982Nigeria
41.7%
October 1982Nicaragua
39.9%
March 1983El Salvador
39.3%
May 1984South Korea
37.4%
May 1980Kenya
36.7%
May 1990Malta
35.6%
January 1979Dominican Republic
31.3%
April 1997Bosnia and Herzegovina
28.7%
May 1980Democratic Republic of the Congo
27.6%
August 1985Cameroon
19%
May 1980Côte d’Ivoire
15.5%
February 1982Benin
12%
May 1984Papua New Guinea
8.9%
May 1980Burkina Faso
7.1%
Remove Ads.
Support Sporcle.
Get the best of Sporcle when you Go Orange. This ad-free experience offers more features, more stats, and more fun while also helping to support Sporcle. Thank you for becoming a member.

You're not logged in!

Compare scores with friends on all Sporcle quizzes.
OR
Log In

Sporcle TV

Today on Sporcle TV


Watch our educational content, quiz creation guides, and fun videos on Sporcle TV.

Show Comments

Extras

Top Quizzes Today


Score Distribution

Paid Content

Your Account Isn't Verified!

In order to create a playlist on Sporcle, you need to verify the email address you used during registration. Go to your Sporcle Settings to finish the process.

Report this User

Report this user for behavior that violates our Community Guidelines.

Details: